Normal view
MARC view
Entry Topical Term
001 - CONTROL NUMBER
- control field: 263099
003 - CONTROL NUMBER IDENTIFIER
- control field: OSt
005 - DATE AND TIME OF LATEST TRANSACTION
- control field: 20260428161907.0
008 - FIXED-LENGTH DATA ELEMENTS
- fixed length control field: 260428|| aca||aabn | a|a d
040 ## - CATALOGING SOURCE
- Original cataloging agency: OSt
- Transcribing agency: OSt
150 ## - HEADING--TOPICAL TERM
- Topical term or geographic name entry element: Athletic & Outdoor Sports
670 ## - SOURCE DATA FOUND
- Source citation: Work cat.: (OSt)93840: NADAGIRA (K G) and NADAGIRA (A). ಕೆ.ಜಿ. ನಾಡಗೀರ ಮತ್ತು ಆನಂದ ನಾಡಗೀರ 263097, Krida tarabeti mattu krida shikshana tatvagalu., 1987